Film che iniziano per N - Statistics

Statistiche generali
  • Questo quiz è stato fatto 95 volte
  • Il punteggio medio è 6 su 15
Statistiche sulle risposte
Descrizione Film % Corretto
La vita e la carriera di uno dei più grandi leader militari e politici della storia francese. Napoleon
82%
Le vicende di un gruppo di studenti alle prese con la fine delle superiori e la maturità. Notte prima degli esami
73%
La vita del proprietario di una libreria cambia quando incontra una famosa attrice di Hollywood. Notting Hill
63%
Un gruppo di illusionisti compie una serie di rapine spettacolari a banche e durante spettacoli dal vivo. Now You See Me - I maghi del crimine
57%
Una giovane donna inizia a sperimentare incubi legati ad un omicidio che ben presto si intrecciano alla realtà. Nightmare
52%
Un regista torna in Sicilia e ricorda la sua giovinezza, in particolare il legame con il cinema e il proiezionista della sala. Nuovo cinema paradiso
49%
Il capo di Halloween, insoddisfatto di spaventare e basta, durante una passeggiata scopre un passaggio nel regno del Natale. Nightmare before christmas
43%
Due uomini del XX secolo si ritrovano nel 1492, poco prima della scoperta dell'America. Non ci resta che piangere
41%
Una vedova di mezz'età inizia a viaggiare per gli USA a bordo di un furgone, vivendo come una nomade Nomadland
34%
Una famiglia, durante una vacanza, incontra un gruppo misterioso di persone a loro somiglianti. Noi
30%
Un agente immobiliare viene incaricato di vendere una casa a un misterioso conte di Transilvania. Nosferatu
30%
Un ragazzo tedesco, spinto dal patriottismo e dall'influenza dei suoi insegnanti, si arruola nell'esercito della Prima Guerra Mondiale con i suoi compagni. Niente di nuovo sul fronte occidentale
28%
Un gruppo di giovani, durante un viaggio in Texas, si imbattono in una famiglia di cannibali. Non aprite quella porta
26%
La storia del mitico rapinatore di banche, divenuto una sorta di eroe popolare agli occhi degli americani degli anni '30. Nemico Pubblico
16%
Una donna, per riscattare le colpe del padre, decide di collaborare con l'FBI per smantellare una rete di spie in Sud America Notorious - L'amante perduta
5%
Nessun quiz corrispondente trovato
Distribuzione punteggi
Percentuale di utenti per punteggio
Percentile per numero di risposta
I tuoi punteggi nel tempo
Non hai fatto questo quiz